00785nam a2200193 i 4500001000700000003000700007005001700014008004100031080004300072100003700115245012600152260007800278300002100356502003700377600004200414655003500456710005700491852004300548190366SpMaBN20250816063154.0201113s1977 sp |||| | spa d a830 Duerrenmatt, Friedrich 1.06(043.2)1 aCorcoll Calsat, Roberto, d1937-10aEstudio sobre la temática y la estructura de las obras literarias de Friedrich Dürrenmatt / cRoberto Corcoll Calsat. aBarcelona : bUniversidad de Barcelona, [Facultad de Filología],c1977. a17 p. ; c24 cm. aTesis-Univ. Barcelona (Extracto)14aDürrenmatt, Friedrich (d1921-1990) aTesis y escritos académicos 2 aUniversidad de Barcelona. bFacultad de Filología.4 aES-MaACLjP-1415 (116)bR-68610cDEPO2